Ο δράκος

Ένας ανώνυμος υπάλληλος που μοιάζει μ'έναν τρομερό κακοποιό, αντιμετωπίζει την καχυποψία, αισθάνεται κυνηγημένος, αλλά γίνεται αποδεκτός, ως γνήσιος δράκος από τους άλλους κακοποιούς και βαθμιαία ταυτίζεται με αυτόν τον ρόλο. Από ασήμαντος ανθρωπάκος στο χάος της ταλαιπωρημένης Ελλάδας, μεταμορ...

Πλήρης περιγραφή

Αποθηκεύτηκε σε:
Λεπτομέρειες βιβλιογραφικής εγγραφής
Άλλοι συγγραφείς: Κούνδουρος, Νίκος Ι., 1926-2017 (Διευθυντής), Ηλιόπουλος, Ντίνος Η., 1915-2001 (Ηθοποιός)
Μορφή: Διαφάνειες
Γλώσσα:Greek
Δημοσίευση: [Χ.τ.] : New Star, [1956]
Σειρά:Best of cinema
Θέματα:
Ετικέτες: Προσθήκη ετικέτας
Δεν υπάρχουν, Καταχωρήστε ετικέτα πρώτοι!

MARC

LEADER 00000cgm a2200000 i 4500
001 1/23270
008 121011s1956 gr ||| | || ||gre||
035 |l 10113211 
040 |a GR-MyUa  |b gre  |e AACR2 
041 0 |a gre 
082 7 |a 791.437   |2 (22) 
245 0 2 |a Ο δράκος   |h [μαγνητοσκόπηση] /   |c σκηνοθεσία: Νίκος Κούνδουρος. 
260 |a [Χ.τ.] :   |b New Star,   |c [1956] 
300 |a 1 βιντεοδίσκος (105 λεπτ.) :   |b ομίλ., ασπρόμ. ;   |c 4 3/4 ίν. 
490 1 |a (Best of cinema) 
500 |a Διατίθεται από την Κυριακάτικη Ελευθεροτυπία. 
500 |a Κυκλοφόρησε πρώτη φορά ως κινηματογραφική ταινία το 1956. 
508 |a Σενάριο, Ιάκωβος Καμπανέλλης ; φωτογραφία, Κώστας Θεοδωρίδης ; μουσική, Μάνος Χατζιδάκις ; μοντάζ, Γιώργος Τσαούλης. 
511 0 |a Μαργαρίτα Παπαγεωργίου, Ντίνος Ηλιόπουλος, Γιάννης Αργύρης, Θανάσης Βέγγος, Ανέστης Βλάχος, Μαρίκα Λεκάκη, Θόδωρος Ανδριακόπουλος, Φρίξος Νάσου 
520 8 |a Ένας ανώνυμος υπάλληλος που μοιάζει μ'έναν τρομερό κακοποιό, αντιμετωπίζει την καχυποψία, αισθάνεται κυνηγημένος, αλλά γίνεται αποδεκτός, ως γνήσιος δράκος από τους άλλους κακοποιούς και βαθμιαία ταυτίζεται με αυτόν τον ρόλο. Από ασήμαντος ανθρωπάκος στο χάος της ταλαιπωρημένης Ελλάδας, μεταμορφώνεται σε μία τιμώμενη προσωπικότητα που κερδίζει αναγνώριση και αγάπη. Μέσα στη διφορούμενη γοητεία της νύχτας, η πλαστή ζωή μοιάζει όλο και περισσότερο αληθινή και η παγίδα στην οποία έχει πιαστεί ο ήρωας διακρίνεται όλο και λιγότερο. 
650 0 |a Murderers  |v Drama. 
655 7 |a Feature films  |2 lcgft 
700 1 |a Κούνδουρος, Νίκος Ι.,   |d 1926-2017,  |e drt 
700 1 |a Ηλιόπουλος, Ντίνος Η.,   |d 1915-2001,  |e act 
830 0 |a Best of cinema 
852 |a INST  |b SYROS  |c AV  |e 20121011  |h 791.437 ΚΟΥ  |p 005500010458  |q 005500010458  |t DVD  |y 23 
901 |a BIBL5-2008-1 
970 |a Κοντού  |b Παρασκευή  |z 11/10/2012